|
|
|
|
| LEADER |
00000nam a2200000Ii 4500 |
| 001 |
DIGEDUV0242 |
| 003 |
NyNyDIG |
| 006 |
m o d |
| 007 |
cr ||||||||||| |
| 008 |
240901s2018 ag a ob 000 0 spa d |
| 035 |
|
|
|a (OCoLC)1454785913
|
| 040 |
|
|
|a DGITA
|b eng
|e rda
|e pn
|c DGITA
|
| 020 |
|
|
|a 9789876995733
|q eBook
|
| 020 |
|
|
|z 9789876995177
|
| 041 |
1 |
|
|a spa
|h fre
|
| 050 |
1 |
4 |
|a Z278 ebook
|
| 100 |
1 |
|
|a Noël, Sophie,
|e author.
|
| 240 |
1 |
0 |
|a Édition indépendante critique.
|l Spanish
|s (Consigli)
|
| 245 |
1 |
3 |
|a La edición independiente crítica :
|b compromisos políticos e intelectuales /
|c Sophie Noël ; traducción de Estela Consigli.
|
| 264 |
|
1 |
|a Villa María, Córdoba, Argentina :
|b Eduvim,
|c 2018.
|
| 300 |
|
|
|a 1 online resource :
|b illustrations.
|
| 336 |
|
|
|a text
|b txt
|2 rdacontent
|
| 337 |
|
|
|a computer
|b c
|2 rdamedia
|
| 338 |
|
|
|a online resource
|b cr
|2 rdacarrier
|
| 347 |
|
|
|a text file
|2 rdaft
|
| 347 |
|
|
|b EPUB
|
| 490 |
1 |
|
|a Colección Entreculturas
|
| 504 |
|
|
|a Includes bibliographical references.
|
| 588 |
0 |
|
|a Online resource; title from ePub title page (Digitalia, viewed September 1, 2024)
|
| 650 |
|
0 |
|a Publishers and publishing
|x Political aspects.
|
| 650 |
|
0 |
|a Small presses
|x Political aspects.
|
| 700 |
1 |
|
|a Consigli, Estela,
|e translator.
|
| 700 |
1 |
|
|i Translation of:
|a Noël, Sophie.
|t Édition indépendante critique.
|
| 776 |
0 |
8 |
|i Print version:
|a Noël, Sophie.
|s Édition indépendante critique. Spanish (Consigli).
|t Edición independiente crítica.
|d Villa María, Córdoba, Argentina : Eduvim, 2018
|z 9789876995177
|
| 791 |
2 |
|
|a Digitalia (Firm),
|e distributor.
|
| 793 |
0 |
|
|g Digitalia eBook Collection:
|a Ediciones Eduvim
|
| 830 |
|
0 |
|a Colección Entreculturas (Editorial Eduvim (Firm))
|
| 856 |
4 |
0 |
|3 Digitalia Hispánica
|u https://www.digitaliapublishing.com/a/158234/
|
| 910 |
|
|
|a Premium collection: 2024
|